000 00803nam a2200241 a 4500
001 66981
003 BD-RjUL
005 20211209081613.0
008 170321s1919 enka 001 0 eng d
035 _a(BD-RjUL)67112
040 _aBD-RjUL
_beng
_cBD-RjUL
_dBD-RjUL
041 _aeng
082 _223
_a630
_bWRA 1919
100 1 _aWrightson, John.
_9198353
245 1 0 _aAgriculture, theoretical and practical :
_bA textbook of mixed farming for large and small farmers and for agricultural students /
_cby John Wrightson and J. C. Newsham
250 _a2nd ed., rev. and enl.
260 _aLondon :
_bCrosby Lockwood & Son,
_c1919
300 _axx, 648 p. :
_bill. ;
_c21 cm.
500 _aIncludes indexes.
650 _aAgriculture
_9198354
700 1 _aNewsham, J. C.
_9198355
942 _2ddc
_cBK
999 _c66981
_d66981